000 00721nam a2200217 a 4500
008 951031s1991||||xo 0 slo c
040 _aSNK
_bslo
_cSNK
_eAACR2
041 1 _aslo
_heng
044 _axo
_cSK
080 _a820 (94)-3
100 1 _aMcCullough, Colleen
_d1920-
_4aut
245 1 0 _aVtáky v tŕní
_cColleen Mac Cullough ; Prekl. Katarína Karovičová ; Graf. upr. Dušan Grečner ; Aut. dosl. Katarína Karovičová
260 _aBratislava
_bSlovenský spisovateľ
_c1991
_eBanská Bystrica
_fTlačiarne BB, spol. s r.o.
300 _c21 cm
700 1 _4trl
700 1 _aGrečner, Dušan
_4bkd
700 1 _aKarovičová, Katarína
_4[ADC]
765 0 _tThe Thorn Birds
020 _c66
958 _aAUL
999 _c12231
_d12231